000 00664nam a22002177a 4500
003 UA-OsUOA
001 123975
007 ta
008 20170719b un ||||| |||| 00| 0 ukr d
100 _aЯценко Н.
090 _a81
_bЯ92
942 _cSA
040 _aUA-OsUOA
_bukr
_cUA-OsUOA
_dUA-OsUOA
245 _aЖанрово-стильова специфіка наукової рецензії
300 _aС.92-114
955 _a0
041 _aukr
080 _a81
773 0 _w123971
_tУкраїнська мова
_dК.
_d2017
_g1
650 7 _a8 Мовознавство. Художня література. Літературознавство
_2UDC
999 _c411170
_d411170